Cities with the busiest airport systems - Statistics

General Stats
  • This quiz has been taken 90 times
  • The average score is 26 of 30
Answer Stats
Total passengers Number of Airports City / Metropolian area % Correct
177,276,807 6 London
99%
109,003,265 5 Paris
99%
141,964,323 6 New York
97%
105,990,422 3 Chicago
96%
109,825,171 5 Los Angeles
96%
57,891,340 1 Madrid
96%
107,394,029 1 Atlanta
94%
107,496,290 3 Beijing
94%
97,391,973 4 Moscow
94%
102,251,600 2 Istanbul
93%
117,636,331 2 Shanghai
93%
65,628,000 1 Singapore
93%
130,589,705 4 Tokyo
93%
74,517,402 1 Hong Kong
90%
85,706,856 3 San Francisco
90%
69,900,938 2 Delhi
88%
72,522,164 2 Jakarta
88%
104,137,071 2 Bangkok
87%
102,096,884 3 Dubai
85%
71,982,467 2 Frankfurt am Main
84%
87,521,625 3 Miami
84%
69,878,497 2 Guangzhou
82%
71,053,157 1 Amsterdam
81%
74,671,158 3 Washington D.C
81%
85,341,758 2 Dallas
79%
74,065,783 4 Sao Paulo
79%
92,953,372 2 Seoul
79%
58,284,008 2 Houston
74%
62,839,586 2 Kuala Lumpur
72%
64,494,613 1 Denver
69%
No matching quizzes found
Score Distribution
Percent of People with Each Score
Percentile by Number Answered
Your Score History
You have not taken this quiz